Alternatívne zdroje v energetike a ich financovanie bakalárska práca

Saved in:
Bibliographic Details
Main Author: Salay, Michal
Corporate Author: Národohospodárska fakulta EU. Katedra financií
Other Authors: Beňová, Elena
Format: Book
Language:Slovak
Published: Bratislava 2010
Tags: Add Tag
No Tags, Be the first to tag this record!

MARC

LEADER 00000nam$a2200000$$$4500
001 0136483
005 20240320073950.7
041 0 |a slo 
044 |a SK 
245 1 0 |a Alternatívne zdroje v energetike a ich financovanie  |b bakalárska práca  |c Michal Salay ; školiteľ: Elena Beňová 
264 1 |a Bratislava  |c 2010 
300 |a 47 s. 
100 1 |a Salay, Michal 
700 1 |a Beňová, Elena 
710 2 |a Národohospodárska fakulta EU. Katedra financií